| 000 | 00545cab a2200217 4500 | ||
|---|---|---|---|
| 001 | WB2626-61 | ||
| 008 | 090401t1990 xxu||||| |||| 00| 0 eng d | ||
| 035 | _a(Sirsi) u3515 | ||
| 041 | _aeng | ||
| 245 | _aWelsh road link | ||
| 260 | _c1990 | ||
| 350 | _a0 | ||
| 490 |
_aWestern Mail _v5/7/90 p12&13(3) |
||
| 520 | _aDiscusses the campaign for a direct road linking North and South Wales. | ||
| 650 | _aINDUSTRY | ||
| 650 | _aTOURISM | ||
| 650 | _aWALES | ||
| 690 | _aTRANSPORT AND COMMUNICATIONS | ||
| 942 | _n0 | ||
| 948 | _c04/03/1997 | ||
| 999 |
_c2164 _d2164 |
||